000 00405nam a22001697a 4500
003 CEME
005 20210628205920.0
008 210204b xxu||||| |||| 00| 0 eng d
040 _c.
082 _a684.08 ASI
100 _aAsif Shabbir
_977460
245 _aWoodworking,a knowledge based guide
260 _aGUJRAT
_bTEVTA
_c2002
300 _a230P
650 _aWOODWORKING
_977461
942 _cBK
_2ddc
999 _c582722
_d582722